Plan Único de Cuentas y Legislacin̤ Contable para Entidades del Sector Solidario Coopert̀icas - fondo de empleados /

Detalles Bibliográficos
Autor principal: Chavarro Cadena, Jorge Enrique
Formato: eBook
Lenguaje:español
Publicado: Bogot ̀: Editorial Nueva Legislacin̤, 2012
Materias:
Acceso en línea:Acceso restringido

MARC

LEADER 00000nam a22000007a 4500
005 20120928122550.0
007 cr|||| ||||
008 120928s2012 co |||||s|||| 00||0 spa d
020 |a 978-958-8371-78-8 
035 |a 6725 
040 |a vLex 
090 |c 3482  |d 3482 
100 1 |a Chavarro Cadena, Jorge Enrique 
245 1 0 |a Plan Único de Cuentas y Legislacin̤ Contable para Entidades del Sector Solidario  |h [Recurso electrn̤ico] :  |b Coopert̀icas - fondo de empleados /  |c Jorge Enrique Chavarro Cadena  
256 |a Servicio en ln̕ea 
260 |a Bogot ̀:  |b Editorial Nueva Legislacin̤,  |c 2012 
300 |a 1 recurso electrn̤ico 
506 1 |a Contenido solo disponible en los productos indicados  |d vLex Global   |d vLex Global (Academic Edition, excluding Law Schools)   |d vLex Global (U.S. Academic Edition, Law Schools)   |d vLex Global (U.S. Academic Edition, excluding Law Schools)   |d vLex Global (Academic Edition, Law Schools)  
650 0 4 |a Entidades sin ǹimo de lucro  |z Colombia 
650 0 4 |a Contabilidad  |z Colombia 
740 0 |a vLex Libros (Servicio en ln̕ea) 
856 4 0 |u http://vlex.com/source/plan-unico-cuentas-legislacion-contable-entidades-sector-solidario-6725  |z Acceso restringido 
942 |c BOOK 
999 0 |a Accounting 
999 0 |a Nonprofit organizations